| 000 | 00600nam a2200241Ia 4500 | ||
|---|---|---|---|
| 003 | IT-RoPAU | ||
| 008 | 120407s9999 xx 000 0 und d | ||
| 040 | _aIT-RoPAU | ||
| 040 | _cIT-RoPAU | ||
| 041 | _afra | ||
| 041 | _bgre | ||
| 100 | _aEvagrio Pontico | ||
| 245 | _aLe gnostique. (Ou) à celui qui est devenu digne de la science. Comm. par Antoine et Claire Guillaumont. (greco-francese). | ||
| 250 | _aParis | ||
| 260 | _aDu Cerf | ||
| 260 | _c1989 | ||
| 300 | _a208 p. | ||
| 300 | _c19,5 cm | ||
| 490 | _aSources Chrétiennes | ||
| 490 | _v1356 | ||
| 942 | _cBK | ||
| 999 |
_c28709 _d28709 |
||